[Event "2. Wittelsbacher Weihnachts-Schach-Open"]
[Site "Kelheim"]
[Date "2013.12.29"]
[Round "5.35"]
[White "Brunner, Tobias"]
[Black "Voigt, Tobias"]
[Result "1-0"]
[WhiteElo "1410"]
[BlackElo "1212"]
[PlyCount "131"]
[EventDate "2013.??.??"]
[WhiteTeam "TSV Nittenau"]
[BlackTeam "Schachklub München Südost e.V."]

1. e4 e6 2. d4 d5 3. exd5 exd5 4. Bd3 Nc6 5. c3 Nf6 6. Nf3 Bd6 7. Be3 O-O 8.
O-O h6 9. Nbd2 a6 10. Qc2 b5 11. a4 Bb7 12. axb5 axb5 13. Bxb5 Ra5 14. Rxa5
Nxa5 15. Qa4 Qa8 16. Ra1 Nc6 17. Qxa8 Rxa8 18. Rxa8+ Bxa8 19. Ba4 Ne7 20. Bc2
Nd7 21. Nh4 c5 22. dxc5 Bxc5 23. Bxc5 Nxc5 24. b4 Na6 25. Nf5 Ng6 26. g3 Nc7
27. Bd3 Ne6 28. f4 d4 29. Nxd4 Nxd4 30. cxd4 Ne7 31. b5 g6 32. Be4 Bxe4 33.
Nxe4 Nd5 34. Kf2 f5 35. Nd2 Kf7 36. Nf3 Ke6 37. Ke1 Kf6 38. Kd2 Ke6 39. Kd3 Kd6
40. Nh4 g5 41. fxg5 hxg5 42. Nxf5+ Ke6 43. Ne3 Nb6 44. Ke4 Na4 45. d5+ Kd7 46.
Kf5 Nb6 47. Kxg5 Kd6 48. h4 Nxd5 49. Nxd5 Kxd5 50. h5 Ke6 51. Kg6 Ke7 52. Kg7
Kd6 53. h6 Ke5 54. h7 Kd5 55. h8=Q Kc5 56. Qb8 Kd4 57. Qc7 Ke4 58. Kf6 Kd5 59.
Qc6+ Kd4 60. Kf5 Kd3 61. Kf4 Kd4 62. b6 Kd3 63. b7 Kd4 64. b8=R Kd3 65. Rb2 Kd4
66. Rd2# 1-0

[Event "2. Wittelsbacher Weihnachts-Schach-Open"]
[Site "Kelheim"]
[Date "2013.12.29"]
[Round "5.36"]
[White "Koller, Andreas"]
[Black "Geitner, Alexander"]
[Result "1-0"]
[WhiteElo "1350"]
[BlackElo "1116"]
[PlyCount "43"]
[EventDate "2013.??.??"]
[WhiteTeam "TSV Mainburg"]
[BlackTeam "SC Anderssen Nürnberg 1929 e.V."]

1. e4 e5 2. Nf3 Nc6 3. Bc4 Nf6 4. d4 d6 5. dxe5 dxe5 6. O-O Bd6 7. Bg5 h6 8.
Bh4 O-O 9. Nc3 Qd7 10. h3 b6 11. Bxf6 gxf6 12. Nh4 Ne7 13. Nd5 Kg7 14. Ne3 Rg8
15. Nhf5+ Kf8 16. Qh5 Ng6 17. Qxh6+ Ke8 18. Ng4 Be7 19. Rad1 Rh8 20. Qg7 Qxd1
21. Rxd1 Bd7 22. Qxf7+ 1-0

[Event "2. Wittelsbacher Weihnachts-Schach-Open"]
[Site "Kelheim"]
[Date "2013.12.29"]
[Round "5.37"]
[White "Mühlich, Raphael"]
[Black "Haxhija, Florim"]
[Result "1-0"]
[WhiteElo "781"]
[BlackElo "796"]
[PlyCount "31"]
[EventDate "2013.??.??"]
[WhiteTeam "SK Kelheim 1920"]
[BlackTeam "SK Kelheim 1920"]

1. e4 e5 2. Nf3 Nc6 3. Bc4 Nf6 4. Nc3 d5 5. exd5 Nd4 6. Nxe5 Qe7 7. O-O Bf5 8.
d3 O-O-O 9. Bf4 Rd6 10. Re1 Rg8 11. Nf3 Nxf3+ 12. Qxf3 Qd7 13. Bb5 c6 14. dxc6
bxc6 15. Bxd6 cxb5 16. Qa8# 1-0

[Event "2. Wittelsbacher Weihnachts-Schach-Open"]
[Site "Kelheim"]
[Date "2013.12.29"]
[Round "6.1"]
[White "Krivoborodov, Egor"]
[Black "Kreuzer, Martin"]
[Result "1-0"]
[WhiteElo "2500"]
[BlackElo "2340"]
[PlyCount "113"]
[EventDate "2013.??.??"]
[WhiteTeam "SC Garching 1980 e.V."]
[BlackTeam "SK Kelheim 1920"]

1. e4 e5 2. Nf3 Nc6 3. Bb5 a6 4. Ba4 Nf6 5. O-O Be7 6. Bxc6 dxc6 7. d3 Nd7 8.
b3 O-O 9. Bb2 f6 10. Nbd2 Nc5 11. d4 exd4 12. Nxd4 Re8 13. Qe2 Bf8 14. Rad1 Qe7
15. f3 Qf7 16. Qf2 a5 17. a3 a4 18. b4 Nd7 19. Qe3 Nb6 20. Qc3 Bd6 21. f4 Qh5
22. Qg3 Qg4 23. Qf2 Qh5 24. c4 Bf8 25. c5 Nd7 26. Rc1 Qf7 27. Rfe1 Nb8 28. Nc4
Ra6 29. e5 b6 30. exf6 Rxe1+ 31. Qxe1 bxc5 32. fxg7 Bxg7 33. bxc5 Nd7 34. Ne6
Bxb2 35. Nxb2 Nf8 36. Nxf8 Kxf8 37. Rd1 Be6 38. Rd8+ Kg7 39. Nd3 Qf6 40. Re8
Kf7 41. Rb8 Qd4+ 42. Nf2 Qxf4 43. Rb4 Qf5 44. Qe3 Ke7 45. Nd3 Ra8 46. Nf4 Rf8
47. h3 Rf6 48. Rxa4 Kd7 49. Rd4+ Bd5 50. Qd2 Kc8 51. Nxd5 cxd5 52. Rxd5 Qf1+
53. Kh2 Kb7 54. Rd7 Qf5 55. Qb4+ Kc8 56. Re7 h5 57. c6 1-0

[Event "2. Wittelsbacher Weihnachts-Schach-Open"]
[Site "Kelheim"]
[Date "2013.12.29"]
[Round "6.2"]
[White "Spieß, Martin"]
[Black "Berchtenbreiter, Maximilian"]
[Result "0-1"]
[WhiteElo "2147"]
[BlackElo "2410"]
[PlyCount "56"]
[EventDate "2013.??.??"]
[WhiteTeam "SK Ingolstadt"]
[BlackTeam "SG Pang-Rosenheim 1910 e.V."]

1. e4 e6 2. d4 d5 3. Nc3 Nf6 4. Bg5 dxe4 5. Nxe4 Be7 6. Bxf6 gxf6 7. Nf3 a6 8.
Bc4 b5 9. Bb3 Bb7 10. Qe2 Nd7 11. O-O-O c6 12. Rhe1 Qc7 13. Kb1 Rg8 14. Nc5
Bxc5 15. Bxe6 Bd6 16. Bxf7+ Kxf7 17. Qe6+ Kg7 18. Nh4 Kh8 19. Nf5 Bf8 20. Qf7
Rd8 21. Rd3 Qf4 22. Rf3 Qd2 23. Rh1 Rxg2 24. Rh3 Bg7 25. Rg3 Rxg3 26. hxg3 Qg5
27. Nd6 Nf8 28. Nxb7 Rd7 0-1

[Event "2. Wittelsbacher Weihnachts-Schach-Open"]
[Site "Kelheim"]
[Date "2013.12.29"]
[Round "6.3"]
[White "Meulner, Klaus"]
[Black "Maier, Alexander"]
[Result "0-1"]
[WhiteElo "2123"]
[BlackElo "2297"]
[PlyCount "112"]
[EventDate "2013.??.??"]
[WhiteTeam "SW Nürnberg Süd e.V."]
[BlackTeam "SK Ingolstadt"]

1. d4 d5 2. Bf4 Nf6 3. e3 c5 4. c3 Nc6 5. Nd2 a6 6. Bd3 Bg4 7. Ngf3 e6 8. O-O
Rc8 9. a3 cxd4 10. cxd4 Be7 11. h3 Bh5 12. b4 O-O 13. Qb1 Bg6 14. Bxg6 hxg6 15.
Rc1 Na7 16. Qb2 Qb6 17. Bg5 a5 18. Ne5 Qb5 19. Nb3 Rxc1+ 20. Rxc1 axb4 21. Nc5
bxa3 22. Qxa3 Nc6 23. Qb3 Qxb3 24. Nxb3 Ba3 25. Ra1 Bb2 26. Rb1 Nxe5 27. dxe5
Bxe5 28. Nc5 Rc8 29. Bxf6 gxf6 30. Nxb7 Rb8 31. Rb3 d4 32. exd4 Bxd4 33. g4 Rc8
34. Rd3 e5 35. Rd2 Rc6 36. Na5 Rc3 37. Kg2 Kg7 38. Nb7 Rc6 39. Na5 Rc3 40. Nb7
Rb3 41. Nd6 Rb6 42. Ne4 Rb4 43. h4 Bb6 44. Kf3 f5 45. gxf5 gxf5 46. Ng3 Kg6 47.
Rd6+ f6 48. h5+ Kg5 49. h6 Bc5 50. Rc6 Rf4+ 51. Kg2 Rxf2+ 52. Kh3 Bf8 53. h7
Bg7 54. Rc7 Kg6 55. Nh5 Bh8 56. Ng3 Ra2 0-1

[Event "2. Wittelsbacher Weihnachts-Schach-Open"]
[Site "Kelheim"]
[Date "2013.12.29"]
[Round "6.4"]
[White "Maurer, Heinrich"]
[Black "Gießmann, Stephan"]
[Result "0-1"]
[WhiteElo "2115"]
[BlackElo "2259"]
[PlyCount "88"]
[EventDate "2013.??.??"]
[WhiteTeam "SK Kelheim 1920"]
[BlackTeam "SK Kelheim 1920"]

1. e4 e6 2. d4 d5 3. Nc3 dxe4 4. Nxe4 Nd7 5. Nf3 Ngf6 6. Nxf6+ Nxf6 7. Ne5 c5
8. Bb5+ Bd7 9. Bxd7+ Nxd7 10. Nxd7 Qxd7 11. Be3 c4 12. O-O Be7 13. Qe2 Qd5 14.
c3 Bd6 15. Rfe1 O-O 16. Bd2 Rae8 17. Qe4 f5 18. Qxd5 exd5 19. Rxe8 Rxe8 20. Re1
Rxe1+ 21. Bxe1 Bf4 22. b3 cxb3 23. axb3 a5 24. Kf1 b5 25. Ke2 a4 26. bxa4 bxa4
27. Kd3 Bxh2 28. c4 dxc4+ 29. Kxc4 a3 30. Bb4 Bd6 31. Bc3 Kf7 32. d5 Be7 33.
Kb3 Bf6 34. Bb4 Bb2 35. Bd6 g5 36. f3 h5 37. Bc7 g4 38. Bg3 Kf6 39. Bf4 Be5 40.
Be3 Bb2 41. Bf4 gxf3 42. gxf3 Be5 43. Be3 h4 44. f4 Bb2 0-1

[Event "2. Wittelsbacher Weihnachts-Schach-Open"]
[Site "Kelheim"]
[Date "2013.12.29"]
[Round "6.5"]
[White "Weigert, Wilhelm"]
[Black "Simons, Peter"]
[Result "0-1"]
[WhiteElo "2021"]
[BlackElo "1985"]
[PlyCount "109"]
[EventDate "2013.??.??"]
[WhiteTeam "SK Kelheim 1920"]
[BlackTeam "Verein Rheinbacher Schachfreunde"]

1. c4 Nf6 2. Nc3 d5 3. cxd5 Nxd5 4. g3 g6 5. Bg2 Nxc3 6. bxc3 Bg7 7. Rb1 c6 8.
Nf3 O-O 9. O-O Qa5 10. Qc2 Nd7 11. c4 Qh5 12. Bb2 Nf6 13. d3 Re8 14. Rfe1 e5
15. Bc3 e4 16. dxe4 Nxe4 17. Bxg7 Kxg7 18. Rb3 Nc5 19. Qb2+ Kg8 20. Ra3 Bf5 21.
Qd4 Be4 22. Re3 Bxf3 23. Bxf3 Qg5 24. h4 Qf5 25. Bg4 Re4 26. Rxe4 Qxe4 27. Qxe4
Nxe4 28. Rd1 Nf6 29. Bf3 Kf8 30. Rb1 b6 31. Bxc6 Rc8 32. Bb5 Ne4 33. Rb2 Nc5
34. a4 a6 35. Bxa6 Nxa6 36. Rxb6 Nc5 37. a5 Ke7 38. Kg2 Rc7 39. Kf3 Nd7 40. Rb4
Ne5+ 41. Kf4 Nxc4 42. a6 Nd6 43. Kg5 h5 44. e4 Rc5+ 45. Kh6 Ra5 46. Rb6 Nxe4
47. Rb7+ Ke6 48. a7 Nd6 49. Rc7 Kf6 50. Rc6 Ke7 51. Rc7+ Kd8 52. Rc2 Rxa7 53.
Kg5 Ke7 54. Re2+ Kf8 55. Rd2 0-1

[Event "2. Wittelsbacher Weihnachts-Schach-Open"]
[Site "Kelheim"]
[Date "2013.12.29"]
[Round "6.6"]
[White "Fuhrmann, Max"]
[Black "Ziegler, Michael"]
[Result "1-0"]
[WhiteElo "2130"]
[BlackElo "2171"]
[PlyCount "87"]
[EventDate "2013.??.??"]
[WhiteTeam "SK Kelheim 1920"]
[BlackTeam "SC Prichsenstadt"]

1. e4 c5 2. Nf3 e6 3. d4 cxd4 4. Nxd4 Nc6 5. Nc3 Qc7 6. Be2 a6 7. f4 b5 8. Bf3
Bb7 9. Be3 Rc8 10. Nb3 d6 11. O-O Nf6 12. Kh1 Be7 13. a3 Nd7 14. Qe2 Bf6 15.
Nd1 Nb6 16. c3 Nc4 17. Bg1 O-O 18. Ne3 Nxe3 19. Bxe3 Ba8 20. Rad1 Rb8 21. Rd2
Be7 22. Rfd1 Rfd8 23. Bf2 Na5 24. Nxa5 Qxa5 25. Ba7 Rb7 26. Qf2 Rdd7 27. Bc5
Qd8 28. e5 d5 29. Bd4 Rb8 30. Bg4 g6 31. Rd3 a5 32. b4 Bc6 33. Rf1 Rdb7 34. f5
Bh4 35. g3 exf5 36. Bxf5 Bg5 37. Bh3 axb4 38. axb4 Ra8 39. Rf3 Be8 40. Be6 fxe6
41. Rf8+ Kg7 42. Rg8+ Kh6 43. Qf8+ Kh5 44. g4+ 1-0

[Event "2. Wittelsbacher Weihnachts-Schach-Open"]
[Site "Kelheim"]
[Date "2013.12.29"]
[Round "6.7"]
[White "Kammer, Christoph"]
[Black "Kümpers, Ulrich"]
[Result "1/2-1/2"]
[WhiteElo "2004"]
[BlackElo "2011"]
[PlyCount "98"]
[EventDate "2013.??.??"]
[WhiteTeam "TSV Nittenau"]
[BlackTeam "SC Tarrasch 45 München"]

1. e4 c6 2. d4 d5 3. f3 e6 4. Nc3 b6 5. Be3 Bb4 6. e5 Ne7 7. a3 Bxc3+ 8. bxc3
Ba6 9. Ne2 Qc7 10. g3 c5 11. Bh3 Nbc6 12. O-O cxd4 13. cxd4 O-O 14. g4 Rac8 15.
Ng3 Bxf1 16. Bxf1 Nxe5 17. dxe5 Qxc2 18. f4 Qxd1 19. Rxd1 Rc3 20. Rd3 Rfc8 21.
Bd2 Rc2 22. Ne2 R8c4 23. Nd4 Ra2 24. f5 Nc6 25. fxe6 Rxd4 26. Rxd4 fxe6 27. Rd3
Nxe5 28. Re3 Nxg4 29. Re2 Kf7 30. Bb4 Ra1 31. h3 Nf6 32. Rc2 a5 33. Bd6 Ne4 34.
Bc7 b5 35. Bxa5 Rxa3 36. Bb6 b4 37. Rb2 Ra1 38. Rxb4 Nd2 39. Rf4+ Kg6 40. Bd4
Rd1 41. Bb2 Kg5 42. Rg4+ Kf5 43. Rxg7 Rxf1+ 44. Kg2 Rb1 45. Bd4 e5 46. Ba7 h5
47. Rh7 Kg6 48. Rd7 d4 49. Bxd4 Ne4 1/2-1/2

[Event "2. Wittelsbacher Weihnachts-Schach-Open"]
[Site "Kelheim"]
[Date "2013.12.29"]
[Round "6.8"]
[White "Wltschek, Christian"]
[Black "Nussbaumer, Johann"]
[Result "1/2-1/2"]
[WhiteElo "1962"]
[BlackElo "2014"]
[PlyCount "23"]
[EventDate "2013.??.??"]
[WhiteTeam "TSV Wacker Neutraubling"]
[BlackTeam "ASK St. Valentin"]

1. e4 c5 2. Nf3 Nc6 3. Bb5 g6 4. O-O Bg7 5. c3 e5 6. d3 Nge7 7. Be3 Qb6 8. Na3
O-O 9. Qa4 d6 10. b4 Bg4 11. Nc4 Qc7 12. bxc5 1/2-1/2

[Event "2. Wittelsbacher Weihnachts-Schach-Open"]
[Site "Kelheim"]
[Date "2013.12.29"]
[Round "6.9"]
[White "Watzenberger, Stefan"]
[Black "Nöckler, Alexander"]
[Result "0-1"]
[WhiteElo "2044"]
[BlackElo "1976"]
[PlyCount "80"]
[EventDate "2013.??.??"]
[WhiteTeam "SC Sendling e.V."]
[BlackTeam "Schachklub Weiden 1907"]

1. e4 c5 2. d4 cxd4 3. c3 dxc3 4. Nxc3 d6 5. Nf3 e6 6. Bc4 Be7 7. O-O a6 8. Qe2
Nc6 9. Rd1 Qc7 10. Bf4 Ne5 11. Bxe5 dxe5 12. Nb5 Qb8 13. Rac1 axb5 14. Bxb5+
Kf8 15. Rc2 Bf6 16. g4 g5 17. Qe3 h6 18. Bd7 Ne7 19. Bxc8 Nxc8 20. Rd7 Ne7 21.
Rcc7 Qa7 22. Qb3 Qxa2 23. Qxb7 Qa6 24. Qb4 Qa5 25. Qb7 Rd8 26. b4 Qa1+ 27. Kg2
Qb1 28. Nd2 Qd1 29. Nf3 Qb3 30. Nd2 Qd1 31. Nf3 Qb1 32. Nd2 Qa2 33. Nc4 Kg7 34.
Nd6 Rb8 35. Rxe7 Bxe7 36. Qc6 Bxd6 37. Qxd6 Qb2 38. Qxe6 Rhf8 39. Qf5 Rb6 40.
Qf3 Rf6 0-1

[Event "2. Wittelsbacher Weihnachts-Schach-Open"]
[Site "Kelheim"]
[Date "2013.12.29"]
[Round "6.10"]
[White "Zeindlmeier, Thomas"]
[Black "Strasser, Josef"]
[Result "1/2-1/2"]
[WhiteElo "2033"]
[BlackElo "1887"]
[PlyCount "79"]
[EventDate "2013.??.??"]
[WhiteTeam "SK Ingolstadt"]
[BlackTeam "Schach-Union München e.V."]

1. e4 d5 2. exd5 Nf6 3. d4 Nxd5 4. c4 Nb6 5. Nc3 e5 6. Nf3 exd4 7. Qxd4 Qxd4 8.
Nxd4 c6 9. Be2 Be7 10. Bf4 O-O 11. O-O-O Na6 12. Ne4 Rd8 13. b3 Nc5 14. Bf3 Ne6
15. Nxe6 Bxe6 16. Bd6 Kf8 17. Bxe7+ Kxe7 18. Nc5 Rxd1+ 19. Rxd1 Rb8 20. Re1 Nd7
21. Nxe6 fxe6 22. Bg4 Nf8 23. f4 Kf7 24. c5 Rd8 25. Rd1 Rxd1+ 26. Kxd1 Nd7 27.
b4 b6 28. cxb6 axb6 29. Kc2 b5 30. Bf3 Nb8 31. Kc3 Ke7 32. Be4 h6 33. h4 Kd6
34. g4 Nd7 35. g5 Nb6 36. f5 exf5 37. Bxf5 hxg5 38. hxg5 Nd5+ 39. Kb3 Ne7 40.
Bd3 1/2-1/2

[Event "2. Wittelsbacher Weihnachts-Schach-Open"]
[Site "Kelheim"]
[Date "2013.12.29"]
[Round "6.11"]
[White "Meul, Willi"]
[Black "Blodig, Constantin"]
[Result "1/2-1/2"]
[WhiteElo "1867"]
[BlackElo "1932"]
[PlyCount "45"]
[EventDate "2013.??.??"]
[WhiteTeam "SV 1925 Hürth-Berrenrath"]
[BlackTeam "SK Kelheim 1920"]

1. d4 Nf6 2. Nf3 c5 3. e3 cxd4 4. exd4 d5 5. Bd3 Nc6 6. c3 Bg4 7. h3 Bh5 8. Bf4
e6 9. Nbd2 Bd6 10. Bxd6 Qxd6 11. O-O O-O 12. Qe1 Nd7 13. Qb1 Bg6 14. Re1 Rfe8
15. Bxg6 hxg6 16. Re3 e5 17. dxe5 Ndxe5 18. Qe1 Kf8 19. Qe2 d4 20. Nxd4 Nxd4
21. cxd4 Nc6 22. Re1 Red8 23. Nb3 1/2-1/2

[Event "2. Wittelsbacher Weihnachts-Schach-Open"]
[Site "Kelheim"]
[Date "2013.12.29"]
[Round "6.12"]
[White "Schmitz, Björn"]
[Black "Belz, Frank-Martin"]
[Result "1-0"]
[WhiteElo "1742"]
[BlackElo "2002"]
[PlyCount "65"]
[EventDate "2013.??.??"]
[WhiteTeam "SV Saal/Donau e.V.SAbt"]
[BlackTeam "SK Freising"]

1. d4 c6 2. c4 d5 3. Nf3 Nf6 4. e3 Bf5 5. Nc3 e6 6. Nh4 Bg6 7. Nxg6 hxg6 8. Bd2
Bd6 9. h3 Nbd7 10. Qb3 Qb8 11. Bd3 a6 12. e4 dxe4 13. Nxe4 Be7 14. Ng5 c5 15.
Qc2 cxd4 16. Bxg6 O-O 17. O-O fxg6 18. Nxe6 Rf7 19. Ng5 Qe5 20. Qxg6 Rff8 21.
Rae1 Qd6 22. Re6 Qc5 23. b4 Ne5 24. Qb1 Qc7 25. Rxf6 d3 26. Rxf8+ Bxf8 27. c5
Qd7 28. Qb3+ Kh8 29. Re1 Ng6 30. Re6 Re8 31. Rxg6 Re2 32. Bc3 Qf5 33. Rh6+ 1-0

[Event "2. Wittelsbacher Weihnachts-Schach-Open"]
[Site "Kelheim"]
[Date "2013.12.29"]
[Round "6.13"]
[White "Seidenschwarz, Holger"]
[Black "Aigner, Georg"]
[Result "1-0"]
[WhiteElo "1982"]
[BlackElo "1896"]
[PlyCount "67"]
[EventDate "2013.??.??"]
[WhiteTeam "SC 1947 Beilngries"]
[BlackTeam "TSV Dietfurt/Altm. e.V."]

1. e4 e5 2. Nf3 Nc6 3. Bb5 a6 4. Bxc6 dxc6 5. O-O Bg4 6. h3 h5 7. d3 Qf6 8.
Nbd2 Bb4 9. c3 Bc5 10. b4 Bd6 11. Re1 Be6 12. Nf1 Qe7 13. d4 f6 14. d5 Bd7 15.
Ne3 g5 16. dxc6 bxc6 17. Nf5 Bxf5 18. exf5 Nh6 19. Qd3 Qf7 20. Rd1 O-O 21. Qe4
c5 22. Be3 cxb4 23. cxb4 Qd7 24. g4 hxg4 25. hxg4 Qb5 26. a3 Rfd8 27. Kg2 Rac8
28. Nxg5 Be7 29. Ne6 Rxd1 30. Rxd1 Nf7 31. g5 fxg5 32. f6 Bf8 33. Qg6+ Kh8 34.
Rh1+ 1-0

[Event "2. Wittelsbacher Weihnachts-Schach-Open"]
[Site "Kelheim"]
[Date "2013.12.29"]
[Round "6.14"]
[White "Schultes, Christoph"]
[Black "Helf, Stefan"]
[Result "1/2-1/2"]
[WhiteElo "2028"]
[BlackElo "1598"]
[PlyCount "106"]
[EventDate "2013.??.??"]
[WhiteTeam "SK Landau-Dingolfing"]
[BlackTeam "SK Abensberg"]

1. d4 Nf6 2. c4 g6 3. Nc3 d5 4. e3 Bg7 5. Qb3 dxc4 6. Bxc4 O-O 7. Nf3 Nbd7 8.
Ng5 e6 9. Bxe6 fxe6 10. Nxe6 Qe7 11. Nxf8+ Kxf8 12. Bd2 Nb6 13. Nb5 Nfd5 14.
O-O c6 15. Nc3 Be6 16. Nxd5 Bxd5 17. Qb4 Qxb4 18. Bxb4+ Kf7 19. b3 a5 20. Bc3
a4 21. Rfb1 axb3 22. axb3 Rxa1 23. Rxa1 c5 24. Ra5 cxd4 25. exd4 Bc6 26. Ba1
Nd5 27. h3 Nf4 28. Kh2 Bxg2 29. Kg3 Bh6 30. f3 Bxh3 31. Rb5 Bc8 32. Rc5 Bd7 33.
Rc7 Ke6 34. Rxb7 Nd5 35. Bb2 Bf4+ 36. Kg2 h5 37. Ra7 h4 38. Ra6+ Kf5 39. Ra5
Be6 40. b4 Bd2 41. Ba3 Kf4 42. Ra6 Bf5 43. b5 h3+ 44. Kh2 Kxf3 45. Bd6 Be1 46.
b6 Nxb6 47. Rxb6 Bf2 48. Be5 Ke4 49. Rb4 g5 50. Ra4 g4 51. Rb4 Kd5 52. Rb5+ Ke4
53. Rb4 Kd5 1/2-1/2

[Event "2. Wittelsbacher Weihnachts-Schach-Open"]
[Site "Kelheim"]
[Date "2013.12.29"]
[Round "6.15"]
[White "Braun, Kristin"]
[Black "Schwenck, Mathias"]
[Result "0-1"]
[WhiteElo "1780"]
[BlackElo "1920"]
[PlyCount "68"]
[EventDate "2013.??.??"]
[WhiteTeam "SC Forchheim e.V."]
[BlackTeam "SC Moosburg 1956 e.V."]

1. Nf3 Nf6 2. g3 d5 3. Bg2 g6 4. d3 Bg7 5. O-O O-O 6. Nbd2 c5 7. e4 Nc6 8. a4
dxe4 9. dxe4 Nd4 10. Nxd4 Qxd4 11. Nb3 Qxd1 12. Rxd1 Nd7 13. c3 Rb8 14. Be3 b6
15. f4 Nf6 16. e5 Ng4 17. Bf2 g5 18. h3 Nxf2 19. Kxf2 gxf4 20. gxf4 Be6 21. Nc1
Rbd8 22. Ne2 Bb3 23. Rg1 f6 24. exf6 Rxf6 25. Ke3 Re6+ 26. Kf2 Rd2 27. Bf3 Kf8
28. Ra3 Bc4 29. Re1 Bf6 30. b3 Bh4+ 31. Kf1 Bd3 32. Bg4 Re3 33. Rea1 Bxe2+ 34.
Bxe2 Rexe2 0-1

[Event "2. Wittelsbacher Weihnachts-Schach-Open"]
[Site "Kelheim"]
[Date "2013.12.29"]
[Round "6.17"]
[White "Eibl, Maximilian"]
[Black "Klimpel, Siegfried"]
[Result "1-0"]
[WhiteElo "2168"]
[BlackElo "1888"]
[PlyCount "27"]
[EventDate "2013.??.??"]
[WhiteTeam "SK Kelheim 1920"]
[BlackTeam "TSV Kareth-Lappersdorf"]

1. e4 e5 2. Nf3 d5 3. Nxe5 Bd6 4. d4 dxe4 5. Bf4 Qf6 6. Bg3 Ne7 7. Nc3 Bf5 8.
Bc4 O-O 9. Qe2 Bb4 10. O-O Bxc3 11. bxc3 c6 12. f3 e3 13. Qxe3 Bxc2 14. Ng4 1-0

[Event "2. Wittelsbacher Weihnachts-Schach-Open"]
[Site "Kelheim"]
[Date "2013.12.29"]
[Round "6.18"]
[White "Miethaner, Ulrich"]
[Black "Winterholler, Christina"]
[Result "0-1"]
[WhiteElo "1949"]
[BlackElo "1955"]
[PlyCount "88"]
[EventDate "2013.??.??"]
[WhiteTeam "SC Bavaria Regensb.1881"]
[BlackTeam "SK Ingolstadt"]

1. d4 d5 2. Nc3 Nf6 3. Bg5 Ne4 4. Nxe4 dxe4 5. e3 h6 6. Bh4 Bf5 7. Bc4 Nd7 8.
c3 Nb6 9. Bb3 Qd7 10. Ne2 g5 11. Bg3 Bg7 12. Qd2 Bg6 13. h4 a5 14. a4 f5 15.
O-O e5 16. f4 exf4 17. exf4 g4 18. Bf2 Bf7 19. Qc2 O-O 20. Bxf7+ Qxf7 21. b3
Nd5 22. Qc1 Bf6 23. g3 Ra6 24. Rb1 Rd8 25. Be3 Qd7 26. Kf2 Rc6 27. Qb2 Rxc3 28.
Nxc3 Nxe3 29. Rfe1 Bxd4 30. Rxe3 Bxe3+ 31. Kxe3 Qd4+ 32. Ke2 Qd3+ 33. Ke1 Qxg3+
34. Ke2 Rd3 35. Nd1 Qf3+ 36. Ke1 Qxf4 37. Qf6 Qd2+ 38. Kf1 Rf3+ 39. Kg1 Qe1+
40. Kh2 Rh3+ 41. Kg2 Qh1+ 42. Kf2 Rf3+ 43. Ke2 Qg2+ 44. Ke1 Rf1# 0-1

[Event "2. Wittelsbacher Weihnachts-Schach-Open"]
[Site "Kelheim"]
[Date "2013.12.29"]
[Round "6.19"]
[White "Meulner, Fabian"]
[Black "Stutz, Robert"]
[Result "1-0"]
[WhiteElo "1901"]
[BlackElo "1859"]
[PlyCount "39"]
[EventDate "2013.??.??"]
[WhiteTeam "SW Nürnberg Süd e.V."]
[BlackTeam "TSV Grossmehring"]

1. d4 d5 2. c4 e6 3. Nf3 c6 4. Nc3 dxc4 5. a4 Bb4 6. e4 b5 7. Be2 Nf6 8. e5 Nd5
9. Bd2 Nxc3 10. bxc3 Be7 11. h4 h6 12. Qb1 a6 13. Qe4 Bb7 14. h5 Nd7 15. Qg4
Kf8 16. Rh3 c5 17. Rg3 Bg5 18. Nxg5 hxg5 19. Bxg5 f6 20. Bxf6 1-0

[Event "2. Wittelsbacher Weihnachts-Schach-Open"]
[Site "Kelheim"]
[Date "2013.12.29"]
[Round "6.20"]
[White "Zinner, Bernhard"]
[Black "Heppert, Lars"]
[Result "0-1"]
[WhiteElo "1656"]
[BlackElo "1927"]
[PlyCount "54"]
[EventDate "2013.??.??"]
[WhiteTeam "TV 1862 Geiselhöring"]
[BlackTeam "Schachklub 1872 im BSV Neuburg"]

1. d4 d5 2. c4 c6 3. Nc3 Nf6 4. Bf4 e6 5. a3 Bd6 6. Bg3 Bxg3 7. hxg3 dxc4 8. a4
Qa5 9. Qc2 b5 10. Nf3 Nbd7 11. Nd2 Nb6 12. e4 Ba6 13. e5 Nfd5 14. Nce4 O-O-O
15. Nd6+ Kb8 16. Nxf7 Nb4 17. Qc1 Nxa4 18. Nxd8 Rxd8 19. Rh4 c5 20. Rxa4 Qxa4
21. dxc5 Na2 22. b3 Nxc1 23. bxa4 c3 24. axb5 cxd2+ 25. Kd1 Na2 26. Rc4 Bxb5
27. Rc2 Ba4 0-1

[Event "2. Wittelsbacher Weihnachts-Schach-Open"]
[Site "Kelheim"]
[Date "2013.12.29"]
[Round "6.21"]
[White "Schmidt, Franz"]
[Black "Voith, Walter"]
[Result "1-0"]
[WhiteElo "1880"]
[BlackElo "1677"]
[PlyCount "99"]
[EventDate "2013.??.??"]
[WhiteTeam "SK Abensberg"]
[BlackTeam "TSV Oberviechtach"]

1. e4 d5 2. exd5 Qxd5 3. Nc3 Qa5 4. d4 c6 5. Nf3 Nf6 6. Bd2 Qc7 7. Bc4 Bf5 8.
Bb3 e6 9. Qe2 Be7 10. h3 h6 11. Ne5 O-O 12. g4 Bh7 13. g5 hxg5 14. Bxg5 Nbd7
15. O-O-O Nb6 16. h4 a5 17. a4 Nbd5 18. Bxd5 cxd5 19. Bxf6 Bxf6 20. f4 Be7 21.
Rdg1 Bf5 22. Rh2 Bf6 23. Rhg2 Rac8 24. h5 Kh7 25. Qf2 Qe7 26. Qe3 Rg8 27. Nf3
Rc4 28. Ne5 Bxe5 29. fxe5 Qb4 30. Rd2 Qe7 31. Rg5 f6 32. exf6 Qxf6 33. Rg1 Rgc8
34. Rf1 Rg8 35. b3 Rc6 36. Ne2 Qh6 37. Nf4 Be4 38. Qg3 Rgc8 39. Rff2 Rc3 40.
Qh4 Rxb3 41. Qe7 Rb6 42. Qd7 Rbc6 43. Kd1 R8c7 44. Qe8 Qf6 45. Ng6 Bxc2+ 46.
Ke1 Bxg6 47. hxg6+ Qxg6 48. Rh2+ Qh6 49. Rxh6+ gxh6 50. Re2 1-0

[Event "2. Wittelsbacher Weihnachts-Schach-Open"]
[Site "Kelheim"]
[Date "2013.12.29"]
[Round "6.23"]
[White "Kellner, Christian"]
[Black "Urban, Rudolf"]
[Result "0-1"]
[WhiteElo "1623"]
[BlackElo "1932"]
[PlyCount "46"]
[EventDate "2013.??.??"]
[WhiteTeam "SK Kelheim 1920"]
[BlackTeam "SC Roter Turm Altstadt"]

1. c4 e5 2. Nc3 Nc6 3. g3 Nf6 4. Bg2 Bc5 5. Nf3 d6 6. O-O a5 7. b3 h6 8. d3 Be6
9. Bb2 O-O 10. e3 Bg4 11. d4 exd4 12. exd4 Nxd4 13. h3 Bxf3 14. Bxf3 Nxf3+ 15.
Qxf3 Qd7 16. Kh2 Qc6 17. Nd5 Nxd5 18. cxd5 Qd7 19. g4 Rfe8 20. Rg1 Qe7 21. g5
hxg5 22. Qh5 Qe2 23. Qxe2 Rxe2 0-1

[Event "2. Wittelsbacher Weihnachts-Schach-Open"]
[Site "Kelheim"]
[Date "2013.12.29"]
[Round "6.24"]
[White "Schmitz, Marc"]
[Black "Schindler, Tobias"]
[Result "1/2-1/2"]
[WhiteElo "1732"]
[BlackElo "1594"]
[PlyCount "35"]
[EventDate "2013.??.??"]
[WhiteTeam "SV Saal/Donau e.V.SAbt"]
[BlackTeam "SK Kelheim 1920"]

1. Nf3 Nf6 2. g3 g6 3. Bg2 Bg7 4. c4 c5 5. Nc3 Nc6 6. O-O O-O 7. d3 d6 8. Bd2
Bf5 9. a3 Qd7 10. Re1 a6 11. Rb1 Rab8 12. b4 cxb4 13. axb4 b5 14. cxb5 axb5 15.
Qb3 Be6 16. Qc2 Rfc8 17. Rec1 Nd5 18. Nxd5 1/2-1/2

[Event "2. Wittelsbacher Weihnachts-Schach-Open"]
[Site "Kelheim"]
[Date "2013.12.29"]
[Round "6.25"]
[White "Fröhlich, Manuel"]
[Black "Wieczorek, Heinz"]
[Result "1-0"]
[WhiteElo "1727"]
[BlackElo "1815"]
[PlyCount "61"]
[EventDate "2013.??.??"]
[WhiteTeam "TSV Oberviechtach"]
[BlackTeam "SW Nürnberg Süd e.V."]

1. d4 Nf6 2. c4 e6 3. Nc3 b6 4. e4 Bb4 5. f3 Bxc3+ 6. bxc3 d6 7. Bd3 e5 8. Ne2
Nc6 9. O-O O-O 10. Bd2 h6 11. Ng3 exd4 12. cxd4 Nxd4 13. Bc3 Nc6 14. Qc2 Ne5
15. Be2 Qe7 16. Qb2 Re8 17. a3 g6 18. f4 Ned7 19. Bf3 Rb8 20. Rae1 Ba6 21. e5
dxe5 22. fxe5 Nh7 23. Bd5 Ng5 24. Rxf7 Nxf7 25. e6 Kh7 26. Ne4 Nfe5 27. exd7
Nd3 28. dxe8=Q Rxe8 29. Qd2 Ne5 30. Bxe5 Qxe5 31. Nf6+ 1-0